000 00230nam a2200097Ia 4500
008 220204s9999 xx 000 0 und d
082 _a658.15
_bFIN
245 0 _aFinance. Pt 1-5
260 _aUSA
_bHarward College
_c1971
942 _cBK
999 _c37271
_d37271